MODERN MANUFACTURING PROCESSES (Registro nro. 49853)
[ vista simple ]
| 000 -LEADER | |
|---|---|
| fixed length control field | 00799nam a2200193 a 4500 |
| 001 - CONTROL NUMBER | |
| control field | 49853 |
| 005 - DATE AND TIME OF LATEST TRANSACTION | |
| control field | 20180714034713.0 |
| 008 - FIXED-LENGTH DATA ELEMENTS--GENERAL INFORMATION | |
| fixed length control field | 140415d 000 0 spa d |
| 020 ## - INTERNATIONAL STANDARD BOOK NUMBER | |
| International Standard Book Number | 0831130342 |
| 041 ## - LANGUAGE CODE | |
| Language code of text/sound track or separate title | spa |
| 082 ## - DEWEY DECIMAL CLASSIFICATION NUMBER | |
| Classification number | 670.42 |
| Item number | BRO |
| 100 1# - MAIN ENTRY--PERSONAL NAME | |
| Personal name | BROWN, JAMES |
| 245 10 - TITLE STATEMENT | |
| Title | MODERN MANUFACTURING PROCESSES |
| 250 ## - EDITION STATEMENT | |
| Edition statement | 1a ed. |
| 260 ## - PUBLICATION, DISTRIBUTION, ETC. | |
| Place of publication, distribution, etc. | [s.l.] : |
| Name of publisher, distributor, etc. | INDUSTRIAL PRESS INC.,, |
| Date of publication, distribution, etc. | [s.f.] |
| 300 ## - PHYSICAL DESCRIPTION | |
| Extent | 118 |
| Dimensions | 18.4 x 12.2 x 1.8 |
| 520 ## - SUMMARY, ETC. | |
| Summary, etc. | ANYONE SERIOUSLY INVOLVED IN THE DESIDN OR PRODUCTION OF COMPONENT PARTS OFTEN HAS TO TURN A VAST AMOUNT OF SCATTERED INFORMATION IN A WIDE VARIETY OF JOURNALS AND EXPENSIVE ENGINEERING HANDBOOKS TO FIND THE INFORMATION NEEDED TO SPECIFY THE BEST METHOD FOR MANUFACTURING A NEW PRODUCT. |
| 650 14 - SUBJECT ADDED ENTRY--TOPICAL TERM | |
| Topical term or geographic name entry element | MANUFACTURAS |
| General subdivision | METODOS Y TECNICAS |
| Withdrawn status | Lost status | Source of classification or shelving scheme | Damaged status | Not for loan | Collection code | Home library | Current library | Shelving location | Date acquired | Source of acquisition | Inventory number | Total Checkouts | Full call number | Barcode | Date last seen | Price effective from | Koha item type |
|---|---|---|---|---|---|---|---|---|---|---|---|---|---|---|---|---|---|
| Dewey Decimal Classification | General | Biblioteca Karol Wojtyla | Biblioteca Karol Wojtyla | Sala general | 03/12/2013 | Compra | 151000000000000000029196 | 670.42 BRO | 74471 | 05/01/2026 | 03/12/2013 | Libro |